LEADER 01703nam 2200517 450 001 9910137895403321 005 20200320103709.0 035 $a(CKB)3280000000013608 035 $a(ItFiC)it 02503403 035 $a(SSID)ssj0000726129 035 $a(PQKBManifestationID)12264246 035 $a(PQKBTitleCode)TC0000726129 035 $a(PQKBWorkID)10766392 035 $a(PQKB)11378080 035 $a(EXLCZ)993280000000013608 100 $a20120801d2011 uy 0 101 0 $aita 181 $ctxt 182 $cc 183 $acr 200 00$aOmaggio ad Altiero Spinelli $eatti del Comitato nazionale per le celebrazioni del centesimo anniversario della nascita di Altiero Spinelli /$fa cura di Francesco Gui 210 $aRoma $cBulzoni$d2011 215 $a407 p 225 0 $aImpronte. Atti Omaggio ad Altiero Spinelli 300 $aBibliographic Level Mode of Issuance: Monograph 311 $a88-7870-548-9 517 $aOmaggio ad Altiero Spinelli 606 $aPoliticians$zItaly$vCongresses$vBiography 606 $aEuropean federation$vCongresses 606 $aRegions & Countries - Europe$2HILCC 606 $aHistory & Archaeology$2HILCC 606 $aItaly$2HILCC 615 0$aPoliticians 615 0$aEuropean federation 615 7$aRegions & Countries - Europe 615 7$aHistory & Archaeology 615 7$aItaly 676 $a320 702 $aGui$b Francesco 712 02$aComitato nazionale per le celebrazioni del centesimo anniversario della nascita di Altiero Spinelli 801 0$bItFiC 801 1$bItFiC 906 $aBOOK 912 $a9910137895403321 996 $aOmaggio ad Altiero Spinelli$9838412 997 $aUNINA LEADER 01346nam a2200337 i 4500 001 991000157229707536 008 031204s2003 uk a b 001 0 eng d 020 $a0521529999 035 $ab1257790x-39ule_inst 040 $aDip.to Matematica$beng 082 0 $a516.362$221 084 $aAMS 53-XX 084 $aLC QA670.G463 245 00$aGeometry and integrability /$cedited by L. J. Mason, Y. Nutku 260 $aCambridge :$bCambridge University Press,$c2003 300 $axi, 153 p. :$bill. ;$c24 cm 440 0$aLondon Mathematical Society lecture note series,$x0076-0552 ;$v295 504 $aIncludes bibliographical references and index 650 0$aGlobal differential geometry 650 0$aTwistor theory 650 0$aFiber spaces (Mathematics) 700 1 $aMason, Lionel J. 700 1 $aNutku, Yavuz 856 42$uhttp://catdir.loc.gov/catdir/description/cam032/2003048456.html$zPublisher description 856 41$uhttp://catdir.loc.gov/catdir/toc/cam031/2003048456.html$zTable of contents 907 $a.b1257790x$b13-11-12$c04-12-03 912 $a991000157229707536 945 $aLE013 53-XX MAS11 (2003)$g1$i2013000141220$lle013$op$pE43.00$q-$rl$s- $t0$u2$v0$w2$x0$y.i13038837$z04-12-03 996 $aGeometry and integrability$9254096 997 $aUNISALENTO 998 $ale013$b04-12-03$cm$da $e-$feng$guk $h0$i1